Zakup Luizjany z mapą - Statystyki

Ogólne statystyki
  • Ten quiz został rozwiązany 6 razy
  • Średni wynik to 13 z 17
Odpowiedzi na mapie
Odpowiedzi zakodowano w zielono-czerwonej skali na mapie do tego quizu, zgodnie z poniższymi procentami.
 
Statystyki odpowiedzi
Odpowiedź % Poprawnych
Dakota Północna
100%
Dakota Południowa
100%
Teksas
100%
Arkansas
83%
Iowa
83%
Kolorado
83%
Minnesota
83%
Missouri
83%
Montana
83%
Nowy Meksyk
83%
Oklahoma
83%
Wyoming
83%
Kansas
67%
Luizjana
67%
Nebraska
67%
Alberta
50%
Saskatchewan
33%
Nie znaleziono quizów pasujących do podanych kryteriów
Rozkład punktacji
Procent ludzi z każdym wynikiem
Percentyl według liczby udzielonych odpowiedzi
Twoja historia wyników
Nie rozwiązałeś tego quizu